| 000 | 01213nam a2200313 i 4500 | ||
|---|---|---|---|
| 003 | DO-SdBNP | ||
| 005 | 20230717100024.0 | ||
| 007 | ta | ||
| 008 | 230717b200- dr ||||| |||| 00| 0 rda d | ||
| 040 |
_aDO-SdBNP _bspa _cBNPHU _erda |
||
| 082 | 4 |
_a346.0482 _bR426L _222 |
|
| 110 | 1 |
_aRepública Dominicana. _9447 |
|
| 240 | 1 | 3 | _a[Leyes, etc.] |
| 245 | 1 | 3 |
_aLey 65-00 sobre derecho de autor (mod. por la Ley 424-06, 493-06 y 2-07) : _b(mod. por el dec. 436-17) parte ley 246-12 |
| 246 | 1 | 3 | _aReglamento de aplicación no. 362-01 de la ley 65-00 sobre derecho de autor. |
| 264 |
_aSanto Domingo : _bONDA, _c200-. |
||
| 300 |
_a122 páginas ; _c21 cm. |
||
| 336 |
_2rdacontent _atexto _btxt |
||
| 337 |
_2rdamedia _asin mediación _bn |
||
| 338 |
_2rdacarrier _avolumen _bnc |
||
| 500 | _aIncluye referencias bibliográficas y notas al pie de las páginas | ||
| 590 | _aInventariado, 2018/LP | ||
| 650 | 4 |
_aDerechos de autor _xLegislación _98397 |
|
| 650 | 4 |
_aDerecho y arte _961899 |
|
| 651 | 4 |
_aRepública Dominicana _xLey 65-00 _961900 |
|
| 710 | 1 |
_aRepública Dominicana. _bMinisterio de Cultura. _bOficina Nacional de Derecho de Autor _961901 |
|
| 910 | _aValidado. Control de calidad EMS | ||
| 942 |
_2ddc _cLBS1 |
||
| 999 |
_c54179 _d54179 |
||